| 000 | 00351nam a2200145Ia 4500 | ||
|---|---|---|---|
| 005 | 20251222144633.0 | ||
| 008 | 251222s9999||||xx |||||||||||||| ||spa|| | ||
| 020 | _a9786124772825 | ||
| 082 | _a362.88/V46 | ||
| 100 | _aVenturoli, Marco | ||
| 245 | 0 | _aLa VĂctima en el Sistema Penal: | |
| 250 | _a1ra. ed. | ||
| 264 | _bRZ Editorial | ||
| 942 | _cLIB | ||
| 999 |
_c16393 _d16393 |
||